[Event "DVM U16w 2023"]
[Site "Magdeburg GER"]
[Date "2023.12.29"]
[Round "5"]
[White "Weng, Yueyi Elina"]
[Black "Striebeck, Liv"]
[Result "1-0"]
[Termination "normal"]
[Board "6.4"]
[WhiteElo "1457"]
[BlackElo "1175"]
[WhiteClock "00:37:00"]
[BlackClock "00:04:42"]
[WhiteTeam "TSG Oberschöneweide"]
[BlackTeam "TuRa Harksheide 1945 Norderstedt"]
[PlyCount "83"]
[WhiteFideId "34639896"]
[BlackFideId "16275438"]
[EventCountry "GER"]
[EventRounds "7"]
[EventType "team-swiss"]
[EventDate "2023.12.26"]

1. d4 {[%emt 00:00:06]} d5 {[%clk 01:30:49]} {[%emt 00:00:08]} 2. Nf3 {[%clk
01:31:21]} {[%emt 00:00:07]} Nf6 {[%clk 01:30:55]} {[%emt 00:00:24]} 3. e3
{[%clk 01:31:23]} {[%emt 00:00:28]} Bf5 {[%clk 01:30:18]} {[%emt 00:01:06]} 4.
c4 {[%clk 01:31:07]} {[%emt 00:00:46]} e6 {[%clk 01:29:23]} {[%emt 00:01:25]}
5. Qb3 {[%clk 01:30:43]} {[%emt 00:00:54]} b6 {[%clk 01:28:29]} {[%emt
00:01:25]} 6. g3 {[%clk 01:29:16]} {[%emt 00:01:57]} Be4 {[%clk 01:27:08]}
{[%emt 00:01:50]} 7. Bg2 {[%clk 01:29:04]} {[%emt 00:00:41]} Nc6 {[%clk
01:25:55]} {[%emt 00:01:45]} 8. O-O {[%clk 01:27:53]} {[%emt 00:01:40]} Bd6
{[%clk 01:21:26]} {[%emt 00:04:59]} 9. Nbd2 {[%clk 01:25:22]} {[%emt 00:03:01]}
O-O {[%clk 01:18:39]} {[%emt 00:03:17]} 10. Nxe4 {[%clk 01:24:12]} {[%emt
00:01:41]} Nxe4 {[%clk 01:14:35]} {[%emt 00:04:34]} 11. cxd5 {[%clk 01:22:55]}
{[%emt 00:01:47]} Na5 {[%clk 01:13:17]} {[%emt 00:01:48]} 12. Qc2 {[%clk
01:18:40]} {[%emt 00:04:44]} exd5 {[%clk 01:12:30]} {[%emt 00:01:17]} 13. b3
{[%clk 01:12:44]} {[%emt 00:06:26]} Rc8 {[%clk 01:08:17]} {[%emt 00:04:44]} 14.
Bd2 {[%clk 01:10:15]} {[%emt 00:02:57]} Nb7 {[%clk 01:01:13]} {[%emt 00:07:34]}
15. Qc6 {[%clk 01:07:44]} {[%emt 00:03:01]} Rb8 {[%clk 00:55:12]} {[%emt
00:06:33]} 16. Qxd5 {[%clk 01:06:47]} {[%emt 00:01:26]} Nf6 {[%clk 00:49:11]}
{[%emt 00:06:31]} 17. Qc4 {[%clk 01:05:01]} {[%emt 00:02:11]} Be7 {[%clk
00:45:45]} {[%emt 00:04:01]} 18. Ne5 {[%clk 01:00:25]} {[%emt 00:05:06]} Qe8
{[%clk 00:37:31]} {[%emt 00:08:45]} 19. Nc6 {[%clk 00:58:49]} {[%emt 00:02:05]}
Nd6 {[%clk 00:35:56]} {[%emt 00:02:06]} 20. Qc2 {[%clk 00:57:06]} {[%emt
00:02:10]} Ra8 {[%clk 00:28:17]} {[%emt 00:08:11]} 21. Nxe7+ {[%clk 00:57:07]}
{[%emt 00:00:28]} Qxe7 {[%clk 00:28:33]} {[%emt 00:00:14]} 22. Bxa8 {[%clk
00:57:29]} {[%emt 00:00:09]} Rxa8 {[%clk 00:28:59]} {[%emt 00:00:05]} 23. Bb4
{[%clk 00:56:52]} {[%emt 00:01:05]} Rd8 {[%clk 00:28:08]} {[%emt 00:01:22]} 24.
Bxd6 {[%clk 00:57:04]} {[%emt 00:00:18]} Rxd6 {[%clk 00:28:27]} {[%emt
00:00:11]} 25. Rac1 {[%clk 00:57:07]} {[%emt 00:00:28]} Rd7 {[%clk 00:28:20]}
{[%emt 00:00:36]} 26. Qc6 {[%clk 00:56:41]} {[%emt 00:00:53]} Nd5 {[%clk
00:26:56]} {[%emt 00:01:56]} 27. Qa8+ {[%clk 00:56:33]} {[%emt 00:00:38]} Rd8
{[%clk 00:26:51]} {[%emt 00:00:36]} 28. Qxa7 {[%clk 00:56:48]} {[%emt
00:00:15]} g6 {[%clk 00:26:45]} {[%emt 00:00:36]} 29. Rfe1 {[%clk 00:54:31]}
{[%emt 00:02:45]} Rd7 {[%clk 00:26:32]} {[%emt 00:00:45]} 30. Qa4 {[%clk
00:53:27]} {[%emt 00:01:32]} Nb4 {[%clk 00:23:53]} {[%emt 00:03:12]} 31. Re2
{[%clk 00:52:21]} {[%emt 00:01:34]} Rd5 {[%clk 00:19:58]} {[%emt 00:04:27]} 32.
Rc4 {[%clk 00:49:14]} {[%emt 00:03:36]} Nd3 {[%clk 00:16:08]} {[%emt 00:04:21]}
33. Qc6 {[%clk 00:46:53]} {[%emt 00:02:50]} Rd7 {[%clk 00:14:08]} {[%emt
00:02:30]} 34. Kf1 {[%clk 00:45:20]} {[%emt 00:02:03]} b5 {[%clk 00:10:02]}
{[%emt 00:04:37]} 35. Rc3 {[%emt 00:03:15]} Nb4 {[%clk 00:10:13]} {[%emt
00:00:18]} 36. Qg2 {[%clk 00:42:40]} {[%emt 00:00:18]} Nd5 {[%clk 00:06:17]}
{[%emt 00:04:34]} 37. Rc5 {[%clk 00:42:27]} {[%emt 00:00:41]} c6 {[%clk
00:06:24]} {[%emt 00:00:25]} 38. Rxc6 {[%clk 00:41:31]} {[%emt 00:01:26]} Kg7
{[%clk 00:05:33]} {[%emt 00:01:21]} 39. Rc5 {[%clk 00:41:10]} {[%emt 00:00:51]}
Nc7 {[%clk 00:05:22]} {[%emt 00:00:42]} 40. Rec2 {[%clk 00:40:15]} {[%emt
00:01:24]} b4 {[%clk 00:05:00]} {[%emt 00:00:53]} 41. d5 {[%clk 00:37:06]}
{[%emt 00:03:39]} Na6 {[%clk 00:04:42]} {[%emt 00:00:49]} 42. Rc6 {[%clk
00:37:00]} {[%emt 00:00:32]} 1-0

[Event "DVM U16w 2023"]
[Site "Magdeburg GER"]
[Date "2023.12.29"]
[Round "5"]
[White "Reddi, Bhuvana"]
[Black "Anaparthi, Aditi"]
[Result "1-0"]
[Termination "normal"]
[Board "7.1"]
[WhiteElo "1565"]
[BlackElo "1163"]
[WhiteClock "00:41:17"]
[BlackClock "00:46:34"]
[WhiteTeam "SC Weisse Dame"]
[BlackTeam "SC Garching 1980 2"]
[PlyCount "95"]
[WhiteFideId "16287002"]
[BlackFideId "34620389"]
[EventCountry "GER"]
[EventRounds "7"]
[EventType "team-swiss"]
[EventDate "2023.12.26"]

1. e4 {[%clk 01:30:57]} {[%emt 00:00:02]} e5 {[%clk 01:30:54]} {[%emt
00:00:06]} 2. Nf3 {[%clk 01:31:24]} {[%emt 00:00:05]} Nc6 {[%clk 01:31:18]}
{[%emt 00:00:05]} 3. Bb5 {[%clk 01:31:47]} {[%emt 00:00:08]} d6 {[%clk
01:31:08]} {[%emt 00:00:38]} 4. O-O {[%clk 01:32:07]} {[%emt 00:00:11]} Nf6
{[%clk 01:31:17]} {[%emt 00:00:21]} 5. Re1 {[%clk 01:32:25]} {[%emt 00:00:10]}
Be7 {[%clk 01:31:21]} {[%emt 00:00:27]} 6. h3 {[%clk 01:32:28]} {[%emt
00:00:26]} O-O {[%clk 01:31:24]} {[%emt 00:00:28]} 7. c3 {[%clk 01:32:50]}
{[%emt 00:00:09]} d5 {[%clk 01:31:12]} {[%emt 00:00:42]} 8. exd5 {[%clk
01:32:49]} {[%emt 00:00:30]} Nxd5 {[%clk 01:31:33]} {[%emt 00:00:09]} 9. Bxc6
{[%clk 01:30:28]} {[%emt 00:02:51]} bxc6 {[%clk 01:31:29]} {[%emt 00:00:35]}
10. Nxe5 {[%clk 01:30:47]} {[%emt 00:00:11]} Qd6 {[%clk 01:30:52]} {[%emt
00:01:07]} 11. d4 {[%clk 01:30:55]} {[%emt 00:00:22]} Re8 {[%clk 01:29:06]}
{[%emt 00:02:15]} 12. Nd2 {[%clk 01:30:48]} {[%emt 00:00:37]} Bf6 {[%clk
01:25:01]} {[%emt 00:04:35]} 13. Ndc4 {[%clk 01:26:13]} {[%emt 00:05:05]} Qe6
{[%clk 01:22:02]} {[%emt 00:03:29]} 14. Bd2 {[%clk 01:25:33]} {[%emt 00:01:08]}
Ba6 {[%clk 01:21:49]} {[%emt 00:00:46]} 15. Ng4 {[%clk 01:20:46]} {[%emt
00:05:17]} Qd7 {[%clk 01:21:36]} {[%emt 00:00:43]} 16. Nxf6+ {[%clk 01:19:59]}
{[%emt 00:01:17]} Nxf6 {[%clk 01:21:32]} {[%emt 00:00:34]} 17. Ne5 {[%clk
01:20:20]} {[%emt 00:00:09]} Qd5 {[%clk 01:21:10]} {[%emt 00:00:51]} 18. Qc2
{[%clk 01:12:08]} {[%emt 00:08:41]} c5 {[%clk 01:18:50]} {[%emt 00:02:52]} 19.
Nf3 {[%clk 01:08:38]} {[%emt 00:03:59]} Bb7 {[%clk 01:14:32]} {[%emt 00:04:49]}
20. dxc5 {[%clk 01:07:56]} {[%emt 00:01:12]} Qxc5 {[%clk 01:14:27]} {[%emt
00:00:35]} 21. Be3 {[%clk 01:03:50]} {[%emt 00:04:35]} Qb5 {[%clk 01:13:38]}
{[%emt 00:01:19]} 22. Nd4 {[%clk 00:53:44]} {[%emt 00:10:37]} Qd5 {[%clk
01:12:38]} {[%emt 00:01:30]} 23. f3 {[%clk 00:53:18]} {[%emt 00:00:55]} Re7
{[%clk 01:03:51]} {[%emt 00:09:18]} 24. Qb3 {[%clk 00:51:19]} {[%emt 00:02:29]}
Rb8 {[%clk 01:00:07]} {[%emt 00:04:14]} 25. Qxd5 {[%clk 00:48:28]} {[%emt
00:03:22]} Bxd5 {[%clk 01:00:07]} {[%emt 00:00:30]} 26. c4 {[%clk 00:45:20]}
{[%emt 00:03:36]} c5 {[%clk 00:57:29]} {[%emt 00:03:09]} 27. Nf5 {[%clk
00:41:16]} {[%emt 00:04:28]} Rxe3 {[%clk 00:52:36]} {[%emt 00:05:30]} 28. Nxe3
{[%clk 00:41:03]} {[%emt 00:00:42]} Be6 {[%clk 00:53:00]} {[%emt 00:00:05]} 29.
b3 {[%clk 00:41:21]} {[%emt 00:00:13]} h6 {[%clk 00:53:10]} {[%emt 00:00:20]}
30. Rad1 {[%clk 00:41:08]} {[%emt 00:00:43]} Nd7 {[%clk 00:52:32]} {[%emt
00:01:08]} 31. Nd5 {[%clk 00:41:02]} {[%emt 00:00:35]} Nb6 {[%clk 00:52:04]}
{[%emt 00:00:58]} 32. Nxb6 {[%clk 00:41:09]} {[%emt 00:00:23]} axb6 {[%clk
00:51:50]} {[%emt 00:00:45]} 33. Rd6 {[%clk 00:41:23]} {[%emt 00:00:15]} b5
{[%clk 00:50:45]} {[%emt 00:01:37]} 34. cxb5 {[%clk 00:41:08]} {[%emt
00:00:44]} Rxb5 {[%clk 00:51:07]} {[%emt 00:00:07]} 35. Rc6 {[%clk 00:41:20]}
{[%emt 00:00:16]} Ra5 {[%clk 00:50:36]} {[%emt 00:01:03]} 36. Re2 {[%clk
00:40:54]} {[%emt 00:00:56]} Bf5 {[%clk 00:47:48]} {[%emt 00:03:19]} 37. Rb2
{[%clk 00:40:42]} {[%emt 00:00:41]} Kf8 {[%clk 00:47:36]} {[%emt 00:00:43]} 38.
Kf2 {[%clk 00:40:44]} {[%emt 00:00:28]} Ke7 {[%clk 00:47:37]} {[%emt 00:00:29]}
39. Rc7+ {[%clk 00:41:08]} {[%emt 00:00:06]} Kf6 {[%clk 00:47:52]} {[%emt
00:00:15]} 40. Ke3 {[%clk 00:41:16]} {[%emt 00:00:22]} Bg6 {[%clk 00:48:10]}
{[%emt 00:00:13]} 41. Kd2 {[%clk 00:41:08]} {[%emt 00:00:35]} Ke5 {[%clk
00:47:48]} {[%emt 00:00:55]} 42. Kc3 {[%clk 00:40:40]} {[%emt 00:00:56]} Kf4
{[%clk 00:47:50]} {[%emt 00:00:29]} 43. Kc4 {[%clk 00:40:29]} {[%emt 00:00:39]}
Ke5 {[%clk 00:45:35]} {[%emt 00:02:48]} 44. Rxc5+ {[%clk 00:40:46]} {[%emt
00:00:13]} Rxc5+ {[%clk 00:45:36]} {[%emt 00:00:28]} 45. Kxc5 {[%emt 00:00:15]}
f5 {[%clk 00:45:57]} {[%emt 00:00:01]} 46. b4 {[%clk 00:41:30]} {[%emt
00:00:09]} Ke6 {[%clk 00:46:19]} {[%emt 00:00:08]} 47. Rd2 {[%clk 00:41:36]}
{[%emt 00:00:25]} Be8 {[%clk 00:46:34]} {[%emt 00:00:14]} 48. b5 {[%clk
00:41:17]} {[%emt 00:00:49]} 1-0

[Event "DVM U16w 2023"]
[Site "Magdeburg GER"]
[Date "2023.12.29"]
[Round "5"]
[White "Chennupati, Lasya"]
[Black "Grigoryan, Nare"]
[Result "1-0"]
[Termination "normal"]
[Board "7.2"]
[WhiteElo "1090"]
[BlackElo "1341"]
[WhiteClock "01:20:47"]
[BlackClock "00:12:59"]
[WhiteTeam "SC Garching 1980 2"]
[BlackTeam "SC Weisse Dame"]
[PlyCount "103"]
[WhiteFideId "34646728"]
[BlackFideId "34620702"]
[EventCountry "GER"]
[EventRounds "7"]
[EventType "team-swiss"]
[EventDate "2023.12.26"]

1. e4 {[%clk 00:00:00]} {[%emt 13:04:32]} e5 {[%clk 00:00:00]} {[%emt
00:00:03]} 2. Nf3 {[%clk 00:00:00]} {[%emt 00:00:11]} Nc6 {[%clk 00:00:00]}
{[%emt 00:00:05]} 3. Bb5 {[%clk 01:30:55]} {[%emt 00:00:38]} Nf6 {[%clk
01:30:35]} {[%emt 00:00:26]} 4. O-O {[%clk 01:31:15]} {[%emt 00:00:09]} a6
{[%clk 01:30:54]} {[%emt 00:00:11]} 5. Ba4 {[%clk 01:31:39]} {[%emt 00:00:07]}
Bc5 {[%clk 01:31:11]} {[%emt 00:00:12]} 6. c3 {[%clk 01:31:49]} {[%emt
00:00:20]} b5 {[%clk 01:31:21]} {[%emt 00:00:20]} 7. Bb3 {[%clk 01:32:12]}
{[%emt 00:00:06]} d6 {[%clk 01:31:37]} {[%emt 00:00:15]} 8. d4 {[%clk
01:32:24]} {[%emt 00:00:17]} Bb6 {[%clk 01:31:06]} {[%emt 00:01:01]} 9. dxe5
{[%clk 01:31:24]} {[%emt 00:01:30]} Nxe5 {[%clk 01:31:00]} {[%emt 00:00:38]}
10. Nxe5 {[%clk 01:31:39]} {[%emt 00:00:13]} dxe5 {[%clk 01:31:20]} {[%emt
00:00:11]} 11. Qxd8+ {[%clk 01:32:01]} {[%emt 00:00:08]} Kxd8 {[%emt 00:00:07]}
12. Bxf7 {[%clk 01:30:28]} {[%emt 00:01:57]} Rf8 {[%clk 01:30:41]} {[%emt
00:01:36]} 13. Bd5 {[%clk 01:25:29]} {[%emt 00:05:30]} Ng4 {[%clk 01:21:59]}
{[%emt 00:09:09]} 14. Bg5+ {[%clk 01:25:17]} {[%emt 00:00:44]} Ke8 {[%clk
01:21:37]} {[%emt 00:00:51]} 15. Bh4 {[%clk 01:24:57]} {[%emt 00:00:52]} Rb8
{[%clk 01:20:16]} {[%emt 00:01:49]} 16. h3 {[%clk 01:25:13]} {[%emt 00:00:16]}
Nf6 {[%clk 01:20:05]} {[%emt 00:00:40]} 17. Na3 {[%clk 01:23:14]} {[%emt
00:02:30]} Bb7 {[%clk 01:04:56]} {[%emt 00:15:39]} 18. Bxb7 {[%clk 01:20:24]}
{[%emt 00:03:20]} Rxb7 {[%clk 01:05:06]} {[%emt 00:00:21]} 19. Rae1 {[%clk
01:19:45]} {[%emt 00:01:08]} c6 {[%clk 00:58:55]} {[%emt 00:06:40]} 20. Kh1
{[%clk 01:19:12]} {[%emt 00:01:05]} Rbf7 {[%clk 00:57:34]} {[%emt 00:01:50]}
21. f3 {[%clk 01:19:12]} {[%emt 00:00:30]} Nd7 {[%clk 00:50:47]} {[%emt
00:07:16]} 22. Bf2 {[%clk 01:19:09]} {[%emt 00:00:35]} Bxf2 {[%clk 00:50:40]}
{[%emt 00:00:37]} 23. Rxf2 {[%clk 01:19:23]} {[%emt 00:00:16]} Nc5 {[%clk
00:50:29]} {[%emt 00:00:40]} 24. Rd2 {[%clk 01:19:24]} {[%emt 00:00:31]} Rf6
{[%clk 00:47:39]} {[%emt 00:03:16]} 25. Red1 {[%clk 01:19:18]} {[%emt
00:00:38]} Ne6 {[%clk 00:43:03]} {[%emt 00:05:04]} 26. Nc2 {[%clk 01:18:37]}
{[%emt 00:01:13]} a5 {[%clk 00:36:18]} {[%emt 00:07:17]} 27. b3 {[%clk
01:17:26]} {[%emt 00:01:40]} R8f7 {[%clk 00:22:54]} {[%emt 00:13:53]} 28. Rd6
{[%clk 01:17:23]} {[%emt 00:00:35]} Nf4 {[%clk 00:22:51]} {[%emt 00:00:30]} 29.
Rd8+ {[%clk 01:17:35]} {[%emt 00:00:19]} Ke7 {[%clk 00:22:52]} {[%emt
00:00:30]} 30. Ne3 {[%clk 01:17:53]} {[%emt 00:00:12]} g6 {[%clk 00:19:50]}
{[%emt 00:03:30]} 31. Ng4 {[%clk 01:18:09]} {[%emt 00:00:16]} Nd5 {[%clk
00:13:27]} {[%emt 00:06:52]} 32. Nxf6 {[%clk 01:17:27]} {[%emt 00:01:11]} Kxd8
{[%emt 00:00:12]} 33. Nxd5 {[%clk 01:17:14]} {[%emt 00:00:40]} cxd5 {[%clk
00:13:14]} {[%emt 00:01:07]} 34. Rxd5+ {[%clk 01:17:29]} {[%emt 00:00:14]} Kc8
{[%clk 00:13:12]} {[%emt 00:00:34]} 35. Rxe5 {[%clk 01:17:47]} {[%emt
00:00:09]} Rb7 {[%clk 00:09:37]} {[%emt 00:04:04]} 36. Kh2 {[%clk 01:18:07]}
{[%emt 00:00:12]} Kc7 {[%clk 00:09:42]} {[%emt 00:00:26]} 37. Re7+ {[%clk
01:18:12]} {[%emt 00:00:25]} Kc6 {[%emt 00:00:10]} 38. Rxb7 {[%clk 01:18:30]}
{[%emt 00:00:10]} Kxb7 {[%clk 00:10:27]} {[%emt 00:00:07]} 39. Kg3 {[%clk
01:18:42]} {[%emt 00:00:17]} Kc6 {[%emt 00:00:20]} 40. Kf4 {[%clk 01:19:10]}
Kd6 {[%emt 00:00:29]} 41. g4 {[%clk 01:19:21]} {[%emt 00:00:15]} Ke6 {[%clk
00:10:40]} {[%emt 00:00:35]} 42. Kg5 {[%clk 01:19:20]} {[%emt 00:00:31]} Ke5
{[%clk 00:10:30]} {[%emt 00:00:41]} 43. Kh6 {[%clk 01:19:24]} {[%emt 00:00:25]}
Kf4 {[%clk 00:10:44]} {[%emt 00:00:17]} 44. Kxh7 {[%clk 01:19:47]} {[%emt
00:00:05]} Kxf3 {[%clk 00:10:57]} {[%emt 00:00:18]} 45. Kxg6 {[%clk 01:20:00]}
{[%emt 00:00:15]} Kxe4 {[%clk 00:11:14]} {[%emt 00:00:15]} 46. h4 {[%clk
01:20:24]} {[%emt 00:00:05]} Kd3 {[%clk 00:11:40]} {[%emt 00:00:05]} 47. h5
{[%clk 01:20:21]} {[%emt 00:00:33]} Kxc3 {[%clk 00:12:02]} {[%emt 00:00:08]}
48. h6 {[%clk 01:20:44]} {[%emt 00:00:06]} Kb2 {[%clk 00:12:10]} {[%emt
00:00:23]} 49. h7 {[%clk 01:20:25]} {[%emt 00:00:50]} Kxa2 {[%clk 00:12:31]}
{[%emt 00:00:09]} 50. h8=Q {[%clk 01:20:29]} {[%emt 00:00:11]} Kxb3 {[%clk
00:13:01]} 51. Qa1 {[%clk 01:20:33]} {[%emt 00:00:38]} b4 {[%clk 00:12:59]}
{[%emt 00:00:35]} 52. Qxa5 {[%clk 01:20:47]} {[%emt 00:00:14]} 1-0

[Event "DVM U16w 2023"]
[Site "Magdeburg GER"]
[Date "2023.12.29"]
[Round "5"]
[White "Bauer, Sophia"]
[Black "Prokscha, Marlene"]
[Result "1-0"]
[Termination "normal"]
[Board "7.3"]
[WhiteElo "1121"]
[BlackElo "1052"]
[WhiteClock "00:58:19"]
[BlackClock "00:59:36"]
[WhiteTeam "SC Weisse Dame"]
[BlackTeam "SC Garching 1980 2"]
[PlyCount "101"]
[WhiteFideId "34620583"]
[BlackFideId "34631291"]
[EventCountry "GER"]
[EventRounds "7"]
[EventType "team-swiss"]
[EventDate "2023.12.26"]

1. e4 {[%clk 01:30:59]} e6 {[%clk 01:30:53]} {[%emt 00:00:07]} 2. d4 {[%clk
01:31:24]} {[%emt 00:00:04]} d5 {[%clk 01:31:17]} {[%emt 00:00:06]} 3. Nc3
{[%clk 01:31:48]} {[%emt 00:00:07]} c5 {[%clk 01:31:30]} {[%emt 00:00:18]} 4.
exd5 {[%clk 01:30:44]} {[%emt 00:01:34]} exd5 {[%clk 01:31:49]} {[%emt
00:00:10]} 5. dxc5 {[%clk 01:29:52]} {[%emt 00:01:22]} d4 {[%clk 01:25:42]}
{[%emt 00:06:37]} 6. Bb5+ {[%clk 01:25:42]} {[%emt 00:04:41]} Nc6 {[%clk
01:23:57]} {[%emt 00:02:15]} 7. Ne4 {[%clk 01:19:43]} {[%emt 00:06:29]} Bf5
{[%clk 01:22:19]} {[%emt 00:02:07]} 8. Qf3 {[%clk 01:16:16]} {[%emt 00:03:57]}
Bxe4 {[%clk 01:17:27]} {[%emt 00:05:22]} 9. Qxe4+ {[%clk 01:16:26]} {[%emt
00:00:20]} Qe7 {[%clk 01:17:49]} {[%emt 00:00:07]} 10. Qxe7+ {[%clk 01:16:27]}
{[%emt 00:00:30]} Ngxe7 {[%clk 01:17:37]} {[%emt 00:00:42]} 11. Nf3 {[%clk
01:15:42]} {[%emt 00:01:14]} a6 {[%clk 01:17:40]} {[%emt 00:00:27]} 12. Ba4
{[%clk 01:15:49]} {[%emt 00:00:24]} Nd5 {[%clk 01:16:00]} {[%emt 00:02:10]} 13.
Nxd4 {[%clk 01:12:31]} {[%emt 00:03:47]} Rc8 {[%clk 01:14:21]} {[%emt
00:02:08]} 14. Nxc6 {[%clk 01:10:12]} {[%emt 00:02:51]} bxc6 {[%clk 01:14:01]}
{[%emt 00:00:50]} 15. O-O {[%clk 01:06:45]} {[%emt 00:03:58]} Bxc5 {[%emt
00:01:20]} 16. Re1+ {[%clk 01:06:21]} {[%emt 00:00:51]} Ne7 {[%clk 01:12:19]}
{[%emt 00:01:24]} 17. Be3 {[%clk 01:02:57]} {[%emt 00:03:54]} Bd6 {[%clk
01:10:14]} {[%emt 00:02:34]} 18. Rad1 {[%clk 01:02:02]} {[%emt 00:01:26]} Be5
{[%clk 01:06:53]} {[%emt 00:03:52]} 19. Bc5 {[%clk 00:59:57]} {[%emt 00:02:33]}
f6 {[%clk 01:05:47]} {[%emt 00:01:37]} 20. Bxe7 {[%clk 01:00:03]} {[%emt
00:00:23]} Kxe7 {[%clk 01:05:59]} {[%emt 00:00:19]} 21. f4 {[%clk 01:00:25]}
{[%emt 00:00:09]} Ke6 {[%clk 01:03:38]} {[%emt 00:02:47]} 22. fxe5 {[%clk
00:59:45]} {[%emt 00:01:13]} fxe5 {[%clk 01:03:49]} {[%emt 00:00:20]} 23. Rd2
{[%clk 00:59:48]} {[%emt 00:00:26]} Rhe8 {[%clk 01:03:21]} {[%emt 00:00:41]}
24. Red1 {[%clk 00:58:34]} {[%emt 00:02:01]} Kf5 {[%clk 01:02:33]} {[%emt
00:01:18]} 25. Rd6 {[%clk 00:57:55]} {[%emt 00:01:09]} e4 {[%clk 01:00:39]}
{[%emt 00:02:23]} 26. Bxc6 {[%clk 00:56:42]} {[%emt 00:01:44]} Rxc6 {[%clk
00:58:10]} {[%emt 00:02:59]} 27. Rxc6 {[%clk 00:56:53]} {[%emt 00:00:18]} a5
{[%clk 00:58:30]} {[%emt 00:00:11]} 28. Rf1+ {[%clk 00:55:27]} {[%emt
00:01:56]} Kg5 {[%clk 00:57:58]} {[%emt 00:01:03]} 29. Rc5+ {[%clk 00:54:33]}
{[%emt 00:01:22]} Kh6 {[%clk 00:57:51]} {[%emt 00:00:35]} 30. Rxa5 {[%clk
00:54:42]} {[%emt 00:00:23]} e3 {[%clk 00:58:09]} {[%emt 00:00:12]} 31. Re1
{[%clk 00:55:00]} {[%emt 00:00:12]} g5 {[%clk 00:57:49]} {[%emt 00:00:50]} 32.
Ra3 {[%clk 00:55:01]} {[%emt 00:00:29]} e2 {[%clk 00:57:45]} {[%emt 00:00:34]}
33. Kf2 {[%clk 00:55:21]} {[%emt 00:00:10]} g4 {[%clk 00:57:40]} {[%emt
00:00:35]} 34. Rxe2 {[%clk 00:55:40]} {[%emt 00:00:11]} Rf8+ {[%clk 00:58:00]}
{[%emt 00:00:10]} 35. Kg3 {[%clk 00:55:43]} {[%emt 00:00:25]} Rg8 {[%clk
00:57:38]} {[%emt 00:00:54]} 36. Ra4 {[%clk 00:55:16]} {[%emt 00:00:58]} Kh5
{[%clk 00:57:31]} {[%emt 00:00:35]} 37. Re5+ {[%clk 00:55:31]} {[%emt
00:00:16]} Kh6 {[%clk 00:57:21]} {[%emt 00:00:41]} 38. Ra6+ {[%clk 00:55:06]}
{[%emt 00:00:55]} Rg6 {[%clk 00:57:32]} {[%emt 00:00:18]} 39. Rxg6+ {[%clk
00:55:25]} {[%emt 00:00:11]} hxg6 {[%clk 00:57:37]} {[%emt 00:00:26]} 40. Kxg4
{[%clk 00:55:48]} {[%emt 00:00:07]} Kg7 {[%clk 00:57:55]} {[%emt 00:00:13]} 41.
a4 {[%clk 00:56:09]} {[%emt 00:00:07]} g5 {[%clk 00:57:27]} {[%emt 00:00:59]}
42. a5 {[%clk 00:56:15]} {[%emt 00:00:23]} Kf6 {[%clk 00:57:43]} {[%emt
00:00:14]} 43. Rxg5 {[%clk 00:56:28]} {[%emt 00:00:16]} Ke6 {[%clk 00:57:59]}
{[%emt 00:00:16]} 44. a6 {[%clk 00:56:44]} {[%emt 00:00:13]} Kd6 {[%clk
00:58:08]} {[%emt 00:00:22]} 45. a7 {[%clk 00:57:00]} {[%emt 00:00:15]} Kc6
{[%clk 00:58:34]} {[%emt 00:00:04]} 46. a8=Q+ {[%clk 00:57:19]} {[%emt
00:00:09]} Kb6 {[%clk 00:58:58]} {[%emt 00:00:07]} 47. Qa5+ {[%clk 00:57:38]}
{[%emt 00:00:11]} Kc6 {[%clk 00:59:12]} {[%emt 00:00:16]} 48. Rg6+ {[%clk
00:57:53]} {[%emt 00:00:15]} Kb7 {[%clk 00:59:20]} {[%emt 00:00:23]} 49. Qb6+
{[%clk 00:58:10]} {[%emt 00:00:12]} Kc8 {[%clk 00:59:20]} {[%emt 00:00:30]} 50.
Qa7 {[%clk 00:57:57]} {[%emt 00:00:42]} Kd8 {[%clk 00:59:36]} {[%emt 00:00:15]}
51. Rg8# {[%clk 00:58:19]} {[%emt 00:00:07]} 1-0